000 00789 a2200265 4500
502 _aThèse de Doctorat
260 _aWageningen
653 1 _aAgronomie
100 _aNAGEL, Franciscus Johannes Ignatius
041 _bEn
260 _bUniversité de Wageningen
300 _a191 p.
245 _aProcess control of solid-state fermentation : simultaneous control of temperature and moisture content
650 _aNUTRITION
650 _aFERMENTATION
260 _c01 Février 2002
300 _bIll., Couv. ill. ; 24 cm
130 _lEn
040 _aSupport
041 _bEn
653 1 _aNutrition et Sciences Alimentaires
100 _uAbomey-Calavi, Université d'Abomey-Calavi, Faculté des Sciences Agronomiques, Bj
020 _a90-5808-513-9
999 _c32250
_d32250